| 000 | 01099nam a22003257a 4500 | ||
|---|---|---|---|
| 003 | CHAP | ||
| 005 | 20220329143452.0 | ||
| 008 | 091119s2009 mx a r 00010 spa d | ||
| 010 | _a97101 | ||
| 011 | _a98073 | ||
| 020 | _a970322976X | ||
| 035 | _a108752 | ||
| 040 | _cCHAP | ||
| 082 | 0 | 4 |
_a526.01 _bM52 |
| 100 | 0 | 0 |
_aMendoza Vargas, Héctor. _974763 |
| 245 | 1 | 0 |
_aHistorias de la cartografía de Iberoamérica : _bnuevos caminos, viejos problemas _c/por Héctor Mendoza Vargas y Carla Lois |
| 260 |
_aMéxico, D.F. : _bUNAM, Instituto de Geografía, _c2009 |
||
| 300 |
_a494 p. : _bilus. |
||
| 590 |
_aBATCH-UPD _b10 _c20130110 _lUCH01 _h0937 |
||
| 590 |
_aBATCH-UPD _b10 _c20130410 _lUCH01 _h0554 |
||
| 590 |
_aBATCH-UPD _b10 _c20130914 _lUCH01 _h0854 |
||
| 590 |
_aCONVERSION _b10 _c20130109 _lUCH01 _h1354 |
||
| 650 | 1 | 4 |
_aCartografía _xHistoria. _919648 |
| 650 | 1 | 4 |
_aMapas _xHistoria. _971130 |
| 700 | 0 | 2 |
_aMendoza Vargas, Héctor. _974763 |
| 700 | 1 | 2 |
_aLois, Carla. _967494 |
| 901 | _aBK | ||
| 942 | _cLIBRO | ||
| 949 |
_a526.01 M52 _bBC _cLIBRO _d33724002108538 _eLIBRO _gI.c/e _h111390 _i108752 _sb |
||
| 999 |
_c97101 _d97101 |
||